| 000 | 00584cam a22002053a 4500 | ||
|---|---|---|---|
| 001 | 38884 | ||
| 003 | PGUSA | ||
| 005 | 20140828083847.0 | ||
| 008 | 120215s2012||||xxu|||||s|||||000 | eng d | ||
| 040 |
_aPGUSA _beng |
||
| 042 | _adc | ||
| 100 | 1 | _aMurphy, Robert F. | |
| 245 | 1 | 0 |
_aShoshone-Bannock Subsistence and Society _h[electronic resource] / _cRobert F. Murphy |
| 260 |
_bProject Gutenberg, _c2012 |
||
| 506 | _aPublic domain in the USA. | ||
| 516 | _aElectronic text | ||
| 830 | 0 |
_aProject Gutenberg _v38884 |
|
| 856 | 4 | 0 | _uhttp://www.gutenberg.org/ebooks/38884 |
| 942 | _cEB | ||
| 999 |
_c268138 _d268138 |
||